<?xml version="1.0" encoding="UTF-8"?>
<collection xmlns="http://www.loc.gov/MARC21/slim">
<record>
  <controlfield tag="001">132989</controlfield>
  <controlfield tag="005">20251001112443.0</controlfield>
  <controlfield tag="008">931025s1692    sp      r     ||| |bspa d</controlfield>
  <datafield tag="024" ind1="7" ind2=" ">
    <subfield code="a">CCPB000051777-1</subfield>
    <subfield code="2">CCPB</subfield>
  </datafield>
  <datafield tag="040" ind1=" " ind2=" ">
    <subfield code="a">AR </subfield>
    <subfield code="b">spa </subfield>
    <subfield code="c">PAB </subfield>
    <subfield code="e">rdc</subfield>
    <subfield code="d">ES-ZaU</subfield>
  </datafield>
  <datafield tag="100" ind1="1" ind2=" ">
    <subfield code="a">Jiménez Samaniego, José</subfield>
    <subfield code="c">(O.F.M.),</subfield>
    <subfield code="d">1621-1692.</subfield>
    <subfield code="9">655798</subfield>
  </datafield>
  <datafield tag="245" ind1="1" ind2="0">
    <subfield code="a">Vida del V. Padre Juan Dunsio Escoto ... /</subfield>
    <subfield code="c">su autor ... Fr. Ioseph Ximenez Samaniego ... Obispo dignissimo de Plasencia ; y la da a la estampa el Colegio de San Diego de Zaragoza.</subfield>
  </datafield>
  <datafield tag="260" ind1=" " ind2=" ">
    <subfield code="a">En Zaragoza :</subfield>
    <subfield code="b">por Pasqual Bueno...,</subfield>
    <subfield code="c">1692.</subfield>
  </datafield>
  <datafield tag="300" ind1=" " ind2=" ">
    <subfield code="a">[48], 451 p. ;</subfield>
    <subfield code="c">4º.</subfield>
  </datafield>
  <datafield tag="336" ind1=" " ind2=" ">
    <subfield code="a">Texto (visual)</subfield>
    <subfield code="b">txt</subfield>
    <subfield code="2">rdacontent</subfield>
  </datafield>
  <datafield tag="337" ind1=" " ind2=" ">
    <subfield code="a">sin mediación</subfield>
    <subfield code="b">n</subfield>
    <subfield code="2">rdamedia</subfield>
  </datafield>
  <datafield tag="338" ind1=" " ind2=" ">
    <subfield code="a">volumen</subfield>
    <subfield code="b">nc</subfield>
    <subfield code="2">rdacarrier</subfield>
  </datafield>
  <datafield tag="540" ind1=" " ind2=" ">
    <subfield code="9">info:eu-repo/semantics/openAccess</subfield>
    <subfield code="a">by</subfield>
    <subfield code="u">https://creativecommons.org/licenses/by/4.0/deed.es</subfield>
  </datafield>
  <datafield tag="597" ind1=" " ind2=" ">
    <subfield code="a">Sign.: a-c\p8\s, A-Z\p8\s, 2A-2E\p8\s, 2F\p2\s.</subfield>
  </datafield>
  <datafield tag="597" ind1=" " ind2=" ">
    <subfield code="a">Port. con orla tip.</subfield>
  </datafield>
  <datafield tag="597" ind1=" " ind2=" ">
    <subfield code="a">Esc. xil. de Zaragoza en sign. a\b2\s.</subfield>
  </datafield>
  <datafield tag="600" ind1="0" ind2="7">
    <subfield code="a">Juan Duns Escoto,</subfield>
    <subfield code="c">Beato,</subfield>
    <subfield code="d">ca. 1266-1308</subfield>
    <subfield code="v">Biografías.</subfield>
    <subfield code="9">5204</subfield>
  </datafield>
  <datafield tag="700" ind1="1" ind2=" ">
    <subfield code="a">Bueno, Pascual,</subfield>
    <subfield code="d">fl. 1678-1725,</subfield>
    <subfield code="e">imp.</subfield>
    <subfield code="9">308386</subfield>
  </datafield>
  <datafield tag="710" ind1="2" ind2=" ">
    <subfield code="a">Colegio de San Diego </subfield>
    <subfield code="c">(, (Zaragoza)</subfield>
    <subfield code="9">655799</subfield>
  </datafield>
  <datafield tag="752" ind1=" " ind2=" ">
    <subfield code="a">España</subfield>
    <subfield code="b">Aragón</subfield>
    <subfield code="d">Zaragoza.</subfield>
  </datafield>
  <datafield tag="856" ind1="4" ind2=" ">
    <subfield code="s">457824</subfield>
    <subfield code="u">http://zaguan.unizar.es/record/132989/files/METS_cargaD_83_168.xml</subfield>
    <subfield code="y">Fichero METS</subfield>
  </datafield>
  <datafield tag="856" ind1="4" ind2=" ">
    <subfield code="s">69337455</subfield>
    <subfield code="u">http://zaguan.unizar.es/record/132989/files/vD_83_168.pdf</subfield>
    <subfield code="y">Texto completo (pdf)</subfield>
  </datafield>
  <datafield tag="856" ind1="4" ind2=" ">
    <subfield code="s">305554</subfield>
    <subfield code="u">http://zaguan.unizar.es/record/132989/files/vD_83_168.jpg?subformat=icon</subfield>
    <subfield code="x">icon</subfield>
    <subfield code="y">Texto completo (pdf)</subfield>
  </datafield>
  <datafield tag="907" ind1=" " ind2=" ">
    <subfield code="a">.b18638430</subfield>
    <subfield code="b">08-07-20</subfield>
    <subfield code="c">06-09-17</subfield>
  </datafield>
  <datafield tag="909" ind1="C" ind2="O">
    <subfield code="o">oai:zaguan.unizar.es:132989</subfield>
    <subfield code="p">fondo-historico</subfield>
    <subfield code="p">driver</subfield>
  </datafield>
  <datafield tag="945" ind1=" " ind2=" ">
    <subfield code="a">D-83-168</subfield>
    <subfield code="l">c3f7083c-06cf-46f1-9025-51d1c10266e1</subfield>
    <subfield code="o">-</subfield>
    <subfield code="q">-</subfield>
    <subfield code="t">182ba798-b896-45fa-bd86-388c988d1d11</subfield>
    <subfield code="z">23-09-2021</subfield>
  </datafield>
  <datafield tag="980" ind1=" " ind2=" ">
    <subfield code="b">fondos</subfield>
  </datafield>
  <datafield tag="998" ind1=" " ind2=" ">
    <subfield code="a">100</subfield>
    <subfield code="c">m</subfield>
    <subfield code="d">a</subfield>
    <subfield code="e">a</subfield>
  </datafield>
  <datafield tag="999" ind1=" " ind2=" ">
    <subfield code="c">719284</subfield>
    <subfield code="d">719284</subfield>
  </datafield>
  <datafield tag="999" ind1="f" ind2="f">
    <subfield code="i">29695685-d4f5-4fab-9f9e-6e0da1120c8e</subfield>
  </datafield>
  <datafield tag="952" ind1=" " ind2=" ">
    <subfield code="0">0</subfield>
    <subfield code="1">0</subfield>
    <subfield code="3">c6e5e11d-4dcb-45d2-9f51-e9d79524e142</subfield>
    <subfield code="4">0</subfield>
    <subfield code="7">0</subfield>
    <subfield code="9">1276394</subfield>
    <subfield code="a">100</subfield>
    <subfield code="c">c3f7083c-06cf-46f1-9025-51d1c10266e1</subfield>
    <subfield code="d">2021-09-23</subfield>
    <subfield code="e">-</subfield>
    <subfield code="f">-</subfield>
    <subfield code="o">D-83-168</subfield>
    <subfield code="r">2021-09-23</subfield>
    <subfield code="t">16.876</subfield>
    <subfield code="x">Digitalizado-2022</subfield>
    <subfield code="y">a3499d44-1378-4e9e-8120-bbfb237e4404</subfield>
    <subfield code="z">Enc- perg.</subfield>
    <subfield code="/">f</subfield>
  </datafield>
  <datafield tag="037" ind1=" " ind2=" ">
    <subfield code="a">D_83_168</subfield>
  </datafield>
  <datafield tag="980" ind1=" " ind2=" ">
    <subfield code="a">FH</subfield>
    <subfield code="b">fondos</subfield>
  </datafield>
</record>
</collection>